Mamá Ladilla - Gato y ratón - Estadísticas

Estadísticas generales
  • Esta prueba ha sido intentada 4 veces
  • La puntuación promedio es 54 de 114
Estadísticas de respuestas
Letra % Correcto
a
100%
y
100%
Y
100%
de
75%
en
75%
gato
75%
las
75%
los
75%
no
75%
ratón.
75%
si
75%
ahí.
50%
al
50%
aprender
50%
aún
50%
cama,
50%
cuando
50%
día
50%
estés
50%
lado,
50%
Me
50%
mi
50%
mí.
50%
50%
que
50%
Quiero
50%
quiero
50%
siempre
50%
sin
50%
te
50%
ti.
50%
tu
50%
un
50%
vengas
50%
vivir
50%
barrotes
25%
camines
25%
cerca
25%
detrás
25%
Dueño
25%
escaparme
25%
esclavo,
25%
espejo
25%
estela,
25%
formas
25%
Hay
25%
hay
25%
horas
25%
lejos
25%
logre
25%
miedo
25%
mirarte,
25%
miro
25%
muy
25%
navegar
25%
parte
25%
pasen
25%
pero
25%
poder
25%
pronto,
25%
saber
25%
salir.
25%
salir,
25%
sangre
25%
sigues
25%
tenerte
25%
tocarte,
25%
Tras
25%
vayas,
25%
veo,
25%
voz.
25%
No se encontraron pruebas coincidentes
Distribución de puntuación
Porcentaje de gente con cada puntuación
Porcentaje por número respondido
Historial de tus puntuaciones
No has intentado esta prueba.